[Event "Olympiad-45"]
[Site "Budapest"]
[Date "2024.09.16"]
[Round "6.75"]
[White "Ebosse, Kingue Victor"]
[Black "Stratonowitsch, Andre"]
[Result "1/2-1/2"]
[WhiteElo "2014"]
[BlackElo "2154"]
[PlyCount "91"]
[EventDate "2024.09.11"]
[EventType "team-swiss"]
[EventRounds "11"]
[EventCountry "HUN"]
[SourceTitle "EXT 2025"]
[Source "ChessBase"]
[SourceDate "2024.10.14"]
[SourceVersion "1"]
[SourceVersionDate "2024.10.14"]
[SourceQuality "1"]
[WhiteTeam "Cameroon"]
[BlackTeam "Seychelles"]
[WhiteTeamCountry "CAM"]
[BlackTeamCountry "SEY"]

1. d4 Nf6 2. Nf3 e6 3. e3 c5 4. Bd3 Be7 5. Nbd2 0-0 6. b3 b6 7. Bb2 Bb7 8. Qe2 Nc6 9. a3 Rc8 10. 0-0 Re8 11. Rfe1 d6 12. Rad1 Qc7 13. Ng5 h6 14. Nge4 d5 15. Ng3 e5 16. dxc5 Bxc5 17. b4 Bf8 18. c4 d4 19. Nde4 Nxe4 20. Nxe4 dxe3 21. fxe3 Re6 22. Rf1 Ne7 23. Ng3 Rd8 24. Bc2 Rxd1 25. Rxd1 Ng6 26. Qg4 Be7 27. Bxg6 Rxg6 28. Qd7 Qc6 29. Qxc6 Bxc6 30. Bxe5 Bg5 31. Kf2 Re6 32. Bf4 Bh4 33. Rd6 Rxd6 34. Bxd6 a6 35. Bc7 b5 36. c5 Kf8 37. Be5 g6 38. Kf1 Bxg3 39. Bxg3 Ke7 40. Bf4 h5 41. g3 Ke6 42. Ke2 Be4 43. Kd2 Kd5 44. Kc3 Bf5 45. h4 Be4 46. Bd6 1/2-1/2

[Event "Olympiad-45"]
[Site "Budapest"]
[Date "2024.09.15"]
[Round "5.67"]
[White "Wu, Li"]
[Black "Stratonowitsch, Andre"]
[Result "1-0"]
[WhiteElo "2325"]
[BlackElo "2154"]
[PlyCount "47"]
[EventDate "2024.09.11"]
[EventType "team-swiss"]
[EventRounds "11"]
[EventCountry "HUN"]
[SourceTitle "EXT 2025"]
[Source "ChessBase"]
[SourceDate "2024.10.14"]
[SourceVersion "1"]
[SourceVersionDate "2024.10.14"]
[SourceQuality "1"]
[WhiteTeam "Isle of Man"]
[BlackTeam "Seychelles"]
[WhiteTeamCountry "IOM"]
[BlackTeamCountry "SEY"]

1. d4 Nf6 2. c4 e6 3. Nc3 d5 4. cxd5 exd5 5. Bg5 Be7 6. e3 0-0 7. Bd3 c6 8. h3 Re8 9. Qc2 Nbd7 10. Nge2 Ne4 11. Bf4 Ndf6 12. g4 h6 13. f3 Ng5 14. Bxg5 hxg5 15. h4 gxh4 16. g5 Nd7 17. f4 Bxg5 18. fxg5 Qxg5 19. 0-0-0 Rxe3 20. Qd2 Qh6 21. Rdg1 Re6 22. Nf4 Rf6 23. Rg4 Nc5 24. Rgxh4 1-0

[Event "Olympiad-45"]
[Site "Budapest"]
[Date "2024.09.14"]
[Round "4.66"]
[White "Stratonowitsch, Andre"]
[Black "Birhanu, Tegegn Mehadem"]
[Result "1/2-1/2"]
[WhiteElo "2154"]
[BlackElo "2077"]
[PlyCount "63"]
[EventDate "2024.09.11"]
[EventType "team-swiss"]
[EventRounds "11"]
[EventCountry "HUN"]
[SourceTitle "EXT 2025"]
[Source "ChessBase"]
[SourceDate "2024.10.14"]
[SourceVersion "1"]
[SourceVersionDate "2024.10.14"]
[SourceQuality "1"]
[WhiteTeam "Seychelles"]
[BlackTeam "Ethiopia"]
[WhiteTeamCountry "SEY"]
[BlackTeamCountry "ETH"]

1. e4 c5 2. Nf3 d6 3. d4 cxd4 4. Nxd4 Nf6 5. Bb5+ Bd7 6. c4 Nc6 7. Nc3 g6 8. 0-0 Bg7 9. Nxc6 Bxc6 10. Bxc6+ bxc6 11. Be3 0-0 12. h3 Qc8 13. Rc1 c5 14. Qd2 Qb7 15. Rfe1 Rab8 16. b3 Rfd8 17. Bg5 a6 18. Re2 Rd7 19. Rce1 Ne8 20. Nd5 e6 21. Nc3 Qb4 22. Rc1 Rbb7 23. Be3 Nf6 24. Bh6 Bh8 25. Bf4 Nh5 26. Bg5 Bd4 27. Be3 Bg7 28. Bh6 Bh8 29. Bg5 Bd4 30. Be3 Bg7 31. Bg5 Bd4 32. Be3 1/2-1/2

[Event "Olympiad-44"]
[Site "Chennai"]
[Date "2022.08.08"]
[Round "10.1"]
[White "Depaune, Ricko"]
[Black "Stratonowitsch, Andre"]
[Result "0-1"]
[WhiteElo "1726"]
[BlackElo "2142"]
[PlyCount "106"]
[EventDate "2022.07.29"]
[EventType "team-swiss"]
[EventRounds "11"]
[EventCountry "IND"]
[SourceTitle "CBM 210"]
[Source "ChessBase"]
[SourceDate "2022.10.31"]
[SourceVersion "1"]
[SourceVersionDate "2022.10.31"]
[SourceQuality "1"]
[WhiteTeam "Nauru"]
[BlackTeam "Seychelles"]
[WhiteTeamCountry "NAU"]
[BlackTeamCountry "SEY"]

1. e4 c5 2. Nf3 Nc6 3. c3 d5 4. exd5 Qxd5 5. d4 Bg4 6. Be2 cxd4 7. cxd4 e6 8. Nc3 Qd6 9. Be3 Nf6 10. 0-0 Be7 11. Rc1 0-0 12. h3 Bh5 13. Qd2 Nb4 14. Nb5 Qd8 15. Nc3 Rc8 16. g4 Bg6 17. Ne5 Ne4 18. Nxe4 Bxe4 19. a3 Nc6 20. f4 Bd6 21. Bf3 Bxf3 22. Nxf3 Ne7 23. Rce1 Nd5 24. Ng5 Be7 25. Ne4 Qb6 26. Re2 Rc4 27. Rd1 Rd8 28. Bf2 Qb3 29. Ng3 Rdc8 30. f5 Rc2 31. Qd3 Qxd3 32. Rxd3 Nf4 33. Rxc2 Rxc2 34. Rb3 Nxh3+ 35. Kg2 Nxf2 36. Rxb7 Nxg4+ 37. Kf3 Nh2+ 38. Ke3 Bf8 39. fxe6 fxe6 40. Kd3 Rg2 41. Ne4 Nf3 42. b4 Ng5 43. a4 Nxe4 44. Kxe4 a6 45. b5 axb5 46. axb5 Rg5 47. Rb8 Kf7 48. b6 Rb5 49. Kd3 Be7 50. b7 h5 51. Kc4 Rb4+ 52. Kc3 h4 53. Rh8 Rxb7 0-1

[Event "Africa-ch U2300 op"]
[Site "Windhoek"]
[Date "2019.01.02"]
[Round "3.3"]
[White "Stratonowitsch, Andre"]
[Black "Chipanga, Chiletso"]
[Result "1-0"]
[WhiteElo "2152"]
[BlackElo "2090"]
[PlyCount "99"]
[EventDate "2018.12.31"]
[EventType "swiss"]
[EventRounds "9"]
[EventCountry "NAM"]
[SourceTitle "EXT 2024"]
[Source "ChessBase"]
[SourceDate "2023.10.10"]
[SourceVersion "1"]
[SourceVersionDate "2023.10.10"]
[SourceQuality "1"]

1. e4 c5 2. Nf3 Nc6 3. d4 cxd4 4. Nxd4 a6 5. c4 e6 6. Nc3 Nxd4 7. Qxd4 Ne7 8. Be3 Nc6 9. Qd2 Rb8 10. Be2 Qa5 11. Bf4 Ne5 12. 0-0 Be7 13. Rfd1 Qc7 14. Rac1 d6 15. Be3 Bd7 16. f4 Ng6 17. g3 Rd8 18. Bf3 0-0 19. Qf2 Rb8 20. h4 Rfe8 21. h5 Nf8 22. Bd4 Bc6 23. h6 g6 24. Bb6 Qc8 25. Nd5 exd5 26. cxd5 Qd7 27. Qd4 f6 28. dxc6 bxc6 29. Qc4+ Kh8 30. Qf7 Bd8 31. Qxd7 Bxb6+ 32. Kg2 Nxd7 33. Rxd6 Rb7 34. Rcxc6 Be3 35. b3 g5 36. Bh5 Reb8 37. Kf3 Bg1 38. Bg4 Nf8 39. Rxf6 gxf4 40. Bc8 Nd7 41. Bxb7 Kg8 42. Rf5 fxg3 43. Rc8+ Rxc8 44. Bxc8 Nf8 45. Bxa6 Ng6 46. Bc4+ Kh8 47. Ra5 Nf8 48. Ra8 Bc5 49. Kxg3 Bd6+ 50. Kg4 1-0

[Event "Africa-ch U2300 op"]
[Site "Windhoek"]
[Date "2019.01.01"]
[Round "2.5"]
[White "Beukes, Dante M"]
[Black "Stratonowitsch, Andre"]
[Result "1/2-1/2"]
[WhiteElo "2162"]
[BlackElo "2152"]
[PlyCount "89"]
[EventDate "2018.12.31"]
[EventType "swiss"]
[EventRounds "9"]
[EventCountry "NAM"]
[SourceTitle "EXT 2024"]
[Source "ChessBase"]
[SourceDate "2023.10.10"]
[SourceVersion "1"]
[SourceVersionDate "2023.10.10"]
[SourceQuality "1"]

1. e4 c5 2. Nf3 e6 3. c3 d5 4. e5 d4 5. Bd3 Bd7 6. 0-0 Bc6 7. Na3 dxc3 8. dxc3 Ne7 9. Re1 Ng6 10. Qe2 Nd7 11. Bb5 Qc7 12. Bxc6 Qxc6 13. Qb5 Rc8 14. Qxc6 Rxc6 15. c4 Be7 16. Nb5 a6 17. Nc3 Bd8 18. g3 Bc7 19. Bf4 Nxf4 20. gxf4 Ke7 21. Rad1 Rd8 22. Kf1 Nf8 23. Rxd8 Kxd8 24. Ke2 Ke8 25. Rd1 Ng6 26. Ke3 Ne7 27. Ne2 b5 28. b3 bxc4 29. bxc4 Rb6 30. Rd2 Rb1 31. Rc2 f6 32. Nc3 Rb4 33. Ne4 Ng6 34. exf6 Bxf4+ 35. Ke2 gxf6 36. Nxf6+ Ke7 37. Nxh7 Ne5 38. Nxe5 Bxe5 39. Ng5 Rb1 40. Ne4 Bd4 41. Ng3 Kf6 42. f4 a5 43. Kf3 a4 44. Ne4+ Ke7 45. Nc3 1/2-1/2

[Event "Olympiad-43"]
[Site "Batumi"]
[Date "2018.09.24"]
[Round "1.78"]
[White "Stratonowitsch, Andre"]
[Black "Hague, Ben"]
[Result "1/2-1/2"]
[WhiteElo "2138"]
[BlackElo "2405"]
[PlyCount "73"]
[EventDate "2018.09.24"]
[EventType "team-swiss"]
[EventRounds "11"]
[EventCountry "GEO"]
[SourceTitle "CBM 187"]
[Source "ChessBase"]
[SourceDate "2018.12.11"]
[SourceVersion "1"]
[SourceVersionDate "2018.12.11"]
[SourceQuality "1"]
[WhiteTeam "Seychelles"]
[BlackTeam "New Zealand"]
[WhiteTeamCountry "SEY"]
[BlackTeamCountry "NZL"]

1. e4 c5 2. Nf3 Nc6 3. d4 cxd4 4. Nxd4 e5 5. Nb5 d6 6. N1c3 a6 7. Na3 Be7 8. Nd5 Nf6 9. Nxf6+ Bxf6 10. Nc4 0-0 11. Be2 Be7 12. Ne3 Be6 13. 0-0 Rc8 14. c3 Bg5 15. Nd5 Bxc1 16. Rxc1 Ne7 17. Nxe7+ Qxe7 18. Bd3 h6 19. Re1 d5 20. exd5 Bxd5 21. Bh7+ Kxh7 22. Qxd5 Rc5 23. Qd3+ f5 24. Rcd1 Rf6 25. h3 e4 26. Qd7 Qe5 27. Rd4 Rb6 28. b3 Rxc3 29. Rd5 Qe6 30. Qxe6 Rxe6 31. Rxf5 Rc2 32. Rf7 Rxa2 33. Rxb7 Rf6 34. Rxe4 Raxf2 35. Rg4 Rf1+ 36. Kh2 Rf7 37. Rxf7 1/2-1/2

[Event "Wch Blitz"]
[Site "Doha"]
[Date "2016.12.30"]
[Round "19"]
[White "Quintiliano Pinto, Renato Rodrigues"]
[Black "Stratonowitsch, Andre"]
[Result "1-0"]
[WhiteElo "2484"]
[BlackElo "2138"]
[PlyCount "69"]
[EventDate "2016.12.29"]
[EventType "swiss (blitz)"]
[EventRounds "21"]
[EventCountry "QAT"]
[SourceTitle "CBM 176 Extra"]
[Source "ChessBase"]
[SourceDate "2017.03.02"]
[SourceVersion "1"]
[SourceVersionDate "2017.03.02"]
[SourceQuality "1"]

1. d4 f5 2. g3 Nf6 3. Bg2 g6 4. c4 Bg7 5. Nc3 0-0 6. Nf3 d6 7. 0-0 c6 8. Rb1 Qc7 9. Qb3 e5 10. c5+ Qf7 11. Qxf7+ Rxf7 12. dxe5 dxe5 13. Nxe5 Re7 14. Nc4 Na6 15. b4 Ng4 16. Bd2 Be6 17. Nd6 Bxc3 18. Bxc3 Bxa2 19. Rb2 Be6 20. h3 Nh6 21. Ra1 Nf7 22. Nxb7 Bd5 23. Bxd5 cxd5 24. Rxa6 Rxb7 25. Rd2 Rd8 26. Rda2 Ng5 27. Rxa7 Rxa7 28. Rxa7 d4 29. Bd2 Ne4 30. Bf4 Nc3 31. Kf1 Re8 32. c6 Nxe2 33. Bd2 Nc3 34. Bxc3 dxc3 35. Ra3 1-0

[Event "Wch Blitz"]
[Site "Doha"]
[Date "2016.12.30"]
[Round "15"]
[White "Stratonowitsch, Andre"]
[Black "Tissir, Mohamed"]
[Result "0-1"]
[WhiteElo "2138"]
[BlackElo "2376"]
[PlyCount "82"]
[EventDate "2016.12.29"]
[EventType "swiss (blitz)"]
[EventRounds "21"]
[EventCountry "QAT"]
[SourceTitle "CBM 176 Extra"]
[Source "ChessBase"]
[SourceDate "2017.03.02"]
[SourceVersion "1"]
[SourceVersionDate "2017.03.02"]
[SourceQuality "1"]

1. e4 c5 2. Nf3 e6 3. d4 cxd4 4. Nxd4 a6 5. c4 Nf6 6. Nc3 d6 7. Be2 Be7 8. 0-0 0-0 9. Be3 Qc7 10. Rc1 b6 11. f4 Bb7 12. Bf3 Nbd7 13. f5 e5 14. Nde2 Nc5 15. Nd5 Qd8 16. Nec3 Nxd5 17. Nxd5 Bxd5 18. cxd5 a5 19. Qd2 h6 20. a3 Nb3 21. Qf2 Nxc1 22. Rxc1 Bg5 23. Bxg5 Qxg5 24. Rc6 Rac8 25. Qxb6 Rxc6 26. Qxc6 Qe3+ 27. Kf1 Rb8 28. Qc2 a4 29. Be2 Qd4 30. Qc3 Rxb2 31. Qxd4 exd4 32. Bd1 Ra2 33. Bxa4 Rxa3 34. Bd1 Ra2 35. Be2 Kf8 36. h3 Ke7 37. g4 Kf6 38. h4 Ke5 39. Bd3 Kf4 40. g5 hxg5 41. hxg5 Ke5 0-1

[Event "Wch Blitz"]
[Site "Doha"]
[Date "2016.12.30"]
[Round "20"]
[White "Stratonowitsch, Andre"]
[Black "Venkatesh, Marani Rajendran"]
[Result "0-1"]
[WhiteElo "2138"]
[BlackElo "2439"]
[PlyCount "116"]
[EventDate "2016.12.29"]
[EventType "swiss (blitz)"]
[EventRounds "21"]
[EventCountry "QAT"]
[SourceTitle "CBM 176 Extra"]
[Source "ChessBase"]
[SourceDate "2017.03.02"]
[SourceVersion "1"]
[SourceVersionDate "2017.03.02"]
[SourceQuality "1"]

1. e4 d5 2. exd5 Nf6 3. d4 Bg4 4. Be2 Bxe2 5. Nxe2 Qxd5 6. 0-0 Nc6 7. c3 0-0-0 8. Qb3 e6 9. Qxd5 exd5 10. Bg5 Be7 11. Nd2 Rhe8 12. Rfe1 h6 13. Bh4 g5 14. Bg3 Nd7 15. f4 f5 16. Nf3 g4 17. Ne5 h5 18. Ng6 Bf6 19. Bh4 Re6 20. Bxf6 Nxf6 21. Ng3 Ne4 22. Nxe4 fxe4 23. Ne5 Ne7 24. Nf7 Rf8 25. Ng5 Rb6 26. b3 Rxf4 27. Rf1 Rbf6 28. Rxf4 Rxf4 29. Rf1 Rxf1+ 30. Kxf1 Kd7 31. c4 c6 32. Ke2 Nf5 33. cxd5 cxd5 34. Nh7 Ke6 35. Nf8+ Ke7 36. Ng6+ Kf6 37. Nf4 Nxd4+ 38. Kd1 Ke5 39. Nxh5 Nf5 40. h3 gxh3 41. gxh3 d4 42. Ke2 d3+ 43. Kd2 a5 44. a3 b5 45. b4 a4 46. Kc3 Ne3 47. Ng3 Nd5+ 48. Kd2 Nf4 49. Ke3 Nd5+ 50. Kd2 Kf4 51. Nf1 Kf3 52. h4 Kf2 53. Nh2 Nf6 54. h5 e3+ 55. Kxd3 e2 56. h6 e1Q 57. Ng4+ Nxg4 58. h7 Qe8 0-1

[Event "Wch Blitz"]
[Site "Doha"]
[Date "2016.12.29"]
[Round "10"]
[White "Jumabayev, Rinat"]
[Black "Stratonowitsch, Andre"]
[Result "1-0"]
[WhiteElo "2611"]
[BlackElo "2138"]
[PlyCount "57"]
[EventDate "2016.12.29"]
[EventType "swiss (blitz)"]
[EventRounds "21"]
[EventCountry "QAT"]
[SourceTitle "CBM 176 Extra"]
[Source "ChessBase"]
[SourceDate "2017.03.02"]
[SourceVersion "1"]
[SourceVersionDate "2017.03.02"]
[SourceQuality "1"]

1. e4 c5 2. Nf3 e6 3. d4 cxd4 4. Nxd4 Nc6 5. Nb5 d6 6. c4 a6 7. N5c3 Nf6 8. Bf4 Be7 9. Be2 0-0 10. 0-0 Ne5 11. Nd2 Qc7 12. Rc1 b6 13. Bg3 Bb7 14. f4 Nc6 15. Kh1 Nd4 16. Bd3 h5 17. h3 Rad8 18. Qe1 Qb8 19. Qf2 e5 20. Nd5 Bxd5 21. exd5 Nd7 22. Rce1 Nc5 23. Bb1 Bf6 24. b4 Na4 25. Ne4 Qc7 26. Nxf6+ gxf6 27. Bh4 Qe7 28. fxe5 dxe5 29. Bxf6 1-0

[Event "Wch Blitz"]
[Site "Doha"]
[Date "2016.12.29"]
[Round "2"]
[White "Naiditsch, Arkadij"]
[Black "Stratonowitsch, Andre"]
[Result "1-0"]
[WhiteElo "2687"]
[BlackElo "2138"]
[PlyCount "76"]
[EventDate "2016.12.29"]
[EventType "swiss (blitz)"]
[EventRounds "21"]
[EventCountry "QAT"]
[SourceTitle "CBM 176 Extra"]
[Source "ChessBase"]
[SourceDate "2017.03.02"]
[SourceVersion "1"]
[SourceVersionDate "2017.03.02"]
[SourceQuality "1"]

1. e4 c5 2. Nf3 e6 3. d4 cxd4 4. Nxd4 Nc6 5. Nc3 Qc7 6. f4 a6 7. Nxc6 bxc6 8. Bd3 d5 9. 0-0 Bc5+ 10. Kh1 Nf6 11. e5 Nd7 12. Qg4 0-0 13. Bd2 f5 14. exf6 Nxf6 15. Qh4 Be7 16. Qf2 c5 17. Rae1 c4 18. Be2 Bc5 19. Be3 Bd6 20. Bf3 Bb7 21. Bb6 Qd7 22. Bc5 Rae8 23. Bxd6 Qxd6 24. Qd4 Nd7 25. Bg4 Nc5 26. Re5 Rf6 27. Rfe1 Ref8 28. g3 Bc8 29. Kg1 Qb6 30. b3 cxb3 31. axb3 Kf7 32. R5e3 Nd7 33. Ne2 Qd6 34. Nc1 Nc5 35. b4 Nd7 36. Bxe6+ Ke7 37. Bxd7+ Kxd7 38. Nd3 Kc7 1-0

[Event "Wch Blitz"]
[Site "Doha"]
[Date "2016.12.29"]
[Round "11"]
[White "Stratonowitsch, Andre"]
[Black "Christiansen, Johan Sebastian"]
[Result "0-1"]
[WhiteElo "2138"]
[BlackElo "2429"]
[PlyCount "112"]
[EventDate "2016.12.29"]
[EventType "swiss (blitz)"]
[EventRounds "21"]
[EventCountry "QAT"]
[SourceTitle "CBM 176 Extra"]
[Source "ChessBase"]
[SourceDate "2017.03.02"]
[SourceVersion "1"]
[SourceVersionDate "2017.03.02"]
[SourceQuality "1"]

1. e4 c5 2. Nf3 d6 3. d4 cxd4 4. Nxd4 Nf6 5. f3 e5 6. Nb3 d5 7. Bg5 Be6 8. exd5 Qxd5 9. Nc3 Qxd1+ 10. Rxd1 Bb4 11. Bd2 0-0 12. Bd3 Nc6 13. 0-0 a6 14. Ne4 Nxe4 15. Bxe4 Be7 16. Be3 Bc4 17. Rf2 Rfc8 18. Nc5 Bxc5 19. Bxc5 Be6 20. Bd6 f6 21. Bd5 Kf7 22. Bxe6+ Kxe6 23. Rfd2 Nd4 24. c3 Nc6 25. Bc5 Rd8 26. Rd6+ Kf7 27. Rd7+ Kg6 28. R1d6 h5 29. Rxb7 Rxd6 30. Bxd6 Rd8 31. Bf8 Rxf8 32. Rb6 Nb8 33. Kf2 Rd8 34. Ke3 Kf5 35. c4 Rc8 36. c5 Nd7 37. Rxa6 Nxc5 38. Ra7 Ne6 39. Re7 Nd4 40. Rxg7 Rc2 41. g4+ Ke6 42. gxh5 Nf5+ 43. Kd3 Rxb2 44. Ra7 Rxh2 45. Ra6+ Nd6 46. a4 Rxh5 47. a5 Rh3 48. Ke2 Rh2+ 49. Kd3 Ra2 50. Kc3 Ra3+ 51. Kb4 Rxf3 52. Kc5 Rc3+ 53. Kb4 Rc1 54. Rb6 e4 55. a6 Ke5 56. a7 Ra1 0-1

[Event "Wch Blitz"]
[Site "Doha"]
[Date "2016.12.29"]
[Round "3"]
[White "Stratonowitsch, Andre"]
[Black "Volokitin, Andrei"]
[Result "0-1"]
[WhiteElo "2138"]
[BlackElo "2649"]
[PlyCount "50"]
[EventDate "2016.12.29"]
[EventType "swiss (blitz)"]
[EventRounds "21"]
[EventCountry "QAT"]
[SourceTitle "CBM 176 Extra"]
[Source "ChessBase"]
[SourceDate "2017.03.02"]
[SourceVersion "1"]
[SourceVersionDate "2017.03.02"]
[SourceQuality "1"]

1. e4 c5 2. Nf3 d6 3. d4 cxd4 4. Nxd4 Nf6 5. f3 e5 6. Nb3 d5 7. Bg5 d4 8. c3 Nc6 9. Bb5 h6 10. Bh4 Qb6 11. Bxc6+ bxc6 12. Bf2 Ba6 13. cxd4 Bb4+ 14. N1d2 exd4 15. Bxd4 c5 16. Be3 0-0 17. a3 Bxd2+ 18. Bxd2 Rab8 19. Na5 Qxb2 20. Qc1 Qb5 21. Kf2 Qe2+ 22. Kg3 Nh5+ 23. Kh4 Qxg2 24. Bf4 Nxf4 25. Qxf4 g5+ 0-1

[Event "Wch Rapid"]
[Site "Doha"]
[Date "2016.12.28"]
[Round "11"]
[White "Kayumov, Sergey"]
[Black "Stratonowitsch, Andre"]
[Result "1-0"]
[WhiteElo "2505"]
[BlackElo "2138"]
[PlyCount "93"]
[EventDate "2016.12.26"]
[EventType "swiss (rapid)"]
[EventRounds "15"]
[EventCountry "QAT"]
[SourceTitle "CBM 176"]
[Source "ChessBase"]
[SourceDate "2017.01.17"]
[SourceVersion "1"]
[SourceVersionDate "2017.01.17"]
[SourceQuality "1"]

1. Nf3 Nf6 2. b3 g6 3. Bb2 Bg7 4. g3 0-0 5. c4 d5 6. cxd5 Qxd5 7. Bg2 Nc6 8. 0-0 Qh5 9. h4 e5 10. d3 Bg4 11. Qc1 e4 12. dxe4 Nxe4 13. Bxg7 Kxg7 14. Nh2 Nf6 15. Nxg4 Qxg4 16. Bf3 Qe6 17. Nc3 Qe5 18. e3 Rad8 19. Bxc6 bxc6 20. Ne2 c5 21. Rd1 Rd6 22. Qc3 Qh5 23. Rxd6 cxd6 24. Nf4 Qe5 25. Qxe5 dxe5 26. Nd3 Nd7 27. Rc1 Rc8 28. e4 f5 29. Rc4 fxe4 30. Rxe4 Kf6 31. f3 Rc6 32. Ra4 a6 33. Rc4 Ke6 34. Kf2 Kd5 35. Re4 Rb6 36. Ke2 Re6 37. Kd2 Rf6 38. Ke3 Re6 39. Rc4 Rc6 40. Ra4 Rb6 41. Ra5 Rc6 42. Nb4+ Kd6 43. Nxc6 Kxc6 44. Rxa6+ Kb5 45. Rd6 Nb6 46. Rxb6+ Kxb6 47. Ke4 1-0

[Event "Wch Rapid"]
[Site "Doha"]
[Date "2016.12.28"]
[Round "14"]
[White "Stratonowitsch, Andre"]
[Black "Christiansen, Johan Sebastian"]
[Result "0-1"]
[WhiteElo "2138"]
[BlackElo "2429"]
[PlyCount "86"]
[EventDate "2016.12.26"]
[EventType "swiss (rapid)"]
[EventRounds "15"]
[EventCountry "QAT"]
[SourceTitle "CBM 176"]
[Source "ChessBase"]
[SourceDate "2017.01.17"]
[SourceVersion "1"]
[SourceVersionDate "2017.01.17"]
[SourceQuality "1"]

1. e4 e6 2. d4 d5 3. Nc3 Nf6 4. Bg5 dxe4 5. Nxe4 Be7 6. Nxf6+ Bxf6 7. Bxf6 Qxf6 8. Nf3 c5 9. c3 cxd4 10. Qxd4 Qxd4 11. Nxd4 a6 12. Bd3 Nd7 13. 0-0 Nc5 14. Bc2 Ke7 15. Rad1 Bd7 16. Rd2 Rhc8 17. Re1 g6 18. Nf3 Be8 19. Nd4 Rab8 20. Bd1 b5 21. Nb3 Nb7 22. Bf3 Nd6 23. Na5 b4 24. cxb4 Rxb4 25. Red1 Rb6 26. g3 Ba4 27. b3 Be8 28. Be2 Ne4 29. Nc4 Nxd2 30. Nxb6 Rc2 31. Bxa6 Nf3+ 32. Kg2 Bc6 33. h3 Ng5+ 34. Kf1 Nxh3 35. Be2 Rxa2 36. Nc8+ Kf6 37. Nd6 Rb2 38. Rd3 Bd5 39. Nc4 Rb1+ 40. Bd1 Ng5 41. Ne3 Bc6 42. Rc3 Bf3 43. Ke1 Ke5 0-1

[Event "Wch Rapid"]
[Site "Doha"]
[Date "2016.12.28"]
[Round "12"]
[White "Stratonowitsch, Andre"]
[Black "Shytaj, Luca"]
[Result "0-1"]
[WhiteElo "2138"]
[BlackElo "2435"]
[PlyCount "122"]
[EventDate "2016.12.26"]
[EventType "swiss (rapid)"]
[EventRounds "15"]
[EventCountry "QAT"]
[SourceTitle "CBM 176"]
[Source "ChessBase"]
[SourceDate "2017.01.17"]
[SourceVersion "1"]
[SourceVersionDate "2017.01.17"]
[SourceQuality "1"]

1. e4 c5 2. Nf3 d6 3. d4 Nf6 4. Nc3 cxd4 5. Nxd4 a6 6. Bg5 Nbd7 7. Qd2 e6 8. Be2 Be7 9. 0-0 0-0 10. f4 h6 11. Bh4 Nc5 12. Bxf6 Bxf6 13. Kh1 Qb6 14. Rab1 Nxe4 15. Nxe4 Bxd4 16. c3 d5 17. cxd4 dxe4 18. Qe3 Bd7 19. Qxe4 Bc6 20. Qe3 Rad8 21. Rfd1 Rd6 22. Rd2 Rfd8 23. Rbd1 a5 24. h3 a4 25. Kh2 Bd5 26. Ra1 R6d7 27. Kg3 Qb4 28. Qc3 Qe7 29. Bf3 Bxf3 30. Kxf3 Qf6 31. Rad1 Rd5 32. g3 g5 33. Qe3 Rc8 34. Kg2 Qg6 35. Qd3 Qg7 36. fxg5 hxg5 37. Qe4 Rcd8 38. Kh2 b5 39. h4 e5 40. Re1 exd4 41. Rd3 R5d6 42. Qg4 gxh4 43. Qxg7+ Kxg7 44. gxh4 Re6 45. Rg1+ Kf8 46. Rg4 Re2+ 47. Rg2 Re4 48. Kh3 Ke7 49. Rg5 Ke6 50. Rxb5 f5 51. Kg3 Rg8+ 52. Kf3 Rxh4 53. Rb6+ Ke5 54. Rb5+ Ke6 55. Rb6+ Kd5 56. Ra3 Rh3+ 57. Kf4 Rxa3 58. bxa3 Re8 59. Kxf5 d3 60. Rb7 Kd4 61. Kf4 Rh8 0-1

[Event "Wch Rapid"]
[Site "Doha"]
[Date "2016.12.27"]
[Round "6"]
[White "Stratonowitsch, Andre"]
[Black "Lalith, Babu MR"]
[Result "0-1"]
[WhiteElo "2138"]
[BlackElo "2587"]
[PlyCount "62"]
[EventDate "2016.12.26"]
[EventType "swiss (rapid)"]
[EventRounds "15"]
[EventCountry "QAT"]
[SourceTitle "CBM 176"]
[Source "ChessBase"]
[SourceDate "2017.01.17"]
[SourceVersion "1"]
[SourceVersionDate "2017.01.17"]
[SourceQuality "1"]

1. e4 g6 2. d4 Bg7 3. Nc3 c6 4. Be3 d5 5. Qd2 dxe4 6. Nxe4 Nd7 7. Bc4 Nb6 8. Bb3 a5 9. a3 Nd5 10. Bg5 h6 11. Bh4 Bf5 12. Nc3 Nxc3 13. bxc3 Nf6 14. f3 a4 15. Bc4 0-0 16. Ne2 b5 17. Bd3 Bxd3 18. cxd3 Re8 19. 0-0 e5 20. dxe5 Rxe5 21. Nd4 Qd7 22. Rfe1 Rd5 23. Rab1 Ne8 24. Re7 Qd6 25. Rbe1 Nf6 26. Bg3 Qxa3 27. Nxc6 Qc5+ 28. Nd4 b4 29. Bf2 Qxc3 30. Qf4 Rad8 31. Rc7 Rxd4 0-1

[Event "GER-ch op U25"]
[Site "Willingen"]
[Date "2006.06.08"]
[Round "7"]
[White "Stratonowitsch, Andre"]
[Black "Jussupow, Alexander"]
[Result "1-0"]
[WhiteElo "1990"]
[BlackElo "1972"]
[PlyCount "69"]
[EventDate "2006.06.04"]
[EventType "swiss"]
[EventRounds "9"]
[EventCountry "GER"]
[SourceTitle "EXT 2007"]
[Source "ChessBase"]
[SourceDate "2006.11.23"]
[SourceVersion "1"]
[SourceVersionDate "2006.11.23"]
[SourceQuality "1"]

1. e4 e6 2. d4 d5 3. Nc3 Bb4 4. e5 c5 5. a3 Bxc3+ 6. bxc3 Ne7 7. Nf3 Qa5 8. Bd2 Nbc6 9. a4 Bd7 10. Bb5 c4 11. 0-0 a6 12. Bxc6 Bxc6 13. Qb1 0-0-0 14. Qb4 Qc7 15. Bc1 Nf5 16. Ba3 a5 17. Qb2 Bxa4 18. Bc5 b5 19. Rfb1 Kd7 20. Ng5 Nh6 21. h3 f6 22. exf6 gxf6 23. Rxa4 bxa4 24. Bb6 Qc6 25. Bxd8 Rxd8 26. Nxh7 Ke7 27. Qc1 Nf5 28. g4 Rh8 29. gxf5 Rxh7 30. fxe6 Rg7+ 31. Kf1 Kxe6 32. Qb2 Kd6 33. Qb8+ Rc7 34. Rb6 a3 35. Qd8+ 1-0